000
00329 a2200133 4500
000
nam a22 7a 4500
100
_a
Vohra, N. D
110
_a
Vohra, N. D
245
_a
Quantitative Techniques in Management
250
_a
6th/Latest edition
260
_b
McGraw Hill
_c
2021
264
_b
McGraw Hill
_c
2021
942
_c
BK
999
_c
396982
_d
396982